| 000 | 00756nam a22002057a 4500 | ||
|---|---|---|---|
| 003 | NUST-PNEC | ||
| 005 | 20170116180728.0 | ||
| 008 | 141111b xxu||||| |||| 00| 0 eng d | ||
| 020 | _a1931836574 | ||
| 040 | _cPNEC | ||
| 082 | _a004.62 SHI | ||
| 100 |
_9957 _aShimonski, Robert J. |
||
| 245 |
_aSniffer Pro network optimization & troubleshooting handbook _cRobert J. Shimonski |
||
| 260 |
_aRockland, _bMass. Syngress Pub. _cc2002. |
||
| 300 |
_axxiv, 657 p. : _bill. ; _c24 cm. |
||
| 500 | _aIncludes Index | ||
| 650 |
_xComputer Networking _xComputer, MIS |
||
| 856 | _uhttp://www.amazon.com/Sniffer-Network-Optimization-Troubleshooting-Handbook/dp/1931836574/ref=sr_1_1?s=books&ie=UTF8&qid=1415680817&sr=1-1&keywords=1931836574 | ||
| 942 |
_2ddc _cBK |
||
| 999 |
_c61702 _d61702 |
||